[Event "GER-ch 78th"]
[Site "Bad Koenigshofen"]
[Date "2007.01.19"]
[Round "1"]
[White "Abel, Dennes"]
[Black "Tischbierek, Raj"]
[Result "0-1"]
[WhiteElo "2294"]
[BlackElo "2486"]
[EventDate "2007.01.19"]
[PlyCount "74"]

1. e4 d6 2. d4 g6 3. Nc3 Bg7 4. Bg5 a6 5. Nf3 b5 6. a4 b4 7. Nd5 h6 8. Bh4 Bb7 9. Qd3 a5 10. Be2 g5 11. Bg3 e6 12. Ne3 Nf6 13. Nd2 Nc6 14. c3 bxc3 15. bxc3 Ba6 16. Qc2 Bxe2 17. Kxe2 Nh5 18. Qd3 O-O 19. Nc2 Qe8 20. Rhe1 f5 21. exf5 exf5+ 22. Kf1 Qf7 23. f3 Ne7 24. Kg1 Nd5 25. Qc4 Nxg3 26. hxg3 c5 27. Rac1 Rac8 28. Qd3 Qb7 29. Ne3 cxd4 30. Nxf5 dxc3 31. Nc4 Nb4 32. Qe2 Rxf5 33. Qe6+ Rf7 34. Nxd6 Qa7+ 35. Kh2 Rcf8 36. Nxf7 Qxf7 37. Qb6 Nd3 0-1

[Event "GER-ch 78th"]
[Site "Bad Koenigshofen"]
[Date "2007.01.19"]
[Round "1"]
[White "Baramidze, David"]
[Black "Zill, Christoph"]
[Result "1-0"]
[WhiteElo "2551"]
[BlackElo "2305"]
[EventDate "2007.01.19"]
[PlyCount "87"]

1. e4 c5 2. Nf3 Nc6 3. d4 cxd4 4. Nxd4 Nf6 5. Nc3 e5 6. Ndb5 d6 7. Bg5 a6 8. Na3 b5 9. Nd5 Be7 10. Bxf6 Bxf6 11. c3 Bg5 12. Nc2 Rb8 13. a3 a5 14. g3 Be6 15. h4 Be7 16. Nce3 Qd7 17. a4 bxa4 18. Qxa4 Bd8 19. Bb5 Rc8 20. Nc4 O-O 21. Ncb6 Bxb6 22. Nxb6 Qb7 23. Nxc8 Rxc8 24. Bxc6 Rxc6 25. Qxa5 Rc8 26. Qb4 Qxb4 27. cxb4 h5 28. O-O Rc4 29. f3 Rxb4 30. Rf2 Rb5 31. Rb1 Bb3 32. Rd2 d5 33. exd5 Bxd5 34. Kf2 e4 35. Re1 f5 36. b4 Bb7 37. Rd4 Rb6 38. fxe4 Bxe4 39. Rc1 Kf7 40. Rc7+ Kf6 41. Ke3 g5 42. Rh7 Kg6 43. Rhd7 gxh4 44. gxh4 1-0

[Event "GER-ch 78th"]
[Site "Bad Koenigshofen"]
[Date "2007.01.19"]
[Round "1"]
[White "Becker, Marcel"]
[Black "Jahrsdoerfer, Gerd"]
[Result "0-1"]
[WhiteElo "2381"]
[BlackElo "2176"]
[EventDate "2007.01.19"]
[PlyCount "64"]

1. d4 d5 2. c4 e6 3. Nf3 Nf6 4. Bg5 Nbd7 5. Nc3 c6 6. e3 Qa5 7. Nd2 Bb4 8. Qc2 dxc4 9. Bxf6 Nxf6 10. Nxc4 Qc7 11. Be2 O-O 12. O-O b6 13. Ne5 Bd6 14. f4 Bb7 15. Rac1 Rac8 16. Bf3 Nd5 17. Qb3 Qe7 18. Ne4 Bb8 19. Rfe1 f6 20. Nd3 Kh8 21. a3 e5 22. dxe5 fxe5 23. Nxe5 Bxe5 24. fxe5 Qxe5 25. Nc5 bxc5 26. Qxb7 Rc7 27. Qb3 Rcf7 28. e4 Nf4 29. Red1 h6 30. Qc3 Qg5 31. Qxc5 Nh3+ 32. Kh1 Qxc5 0-1

[Event "GER-ch 78th"]
[Site "Bad Koenigshofen"]
[Date "2007.01.19"]
[Round "1"]
[White "Beikert, Guenther"]
[Black "Schenderowitsch, Michael"]
[Result "1-0"]
[WhiteElo "2434"]
[BlackElo "2268"]
[EventDate "2007.01.19"]
[PlyCount "215"]

1. e4 e6 2. d4 d5 3. Nc3 Bb4 4. exd5 exd5 5. Bd3 Ne7 6. Qf3 Nbc6 7. Nge2 Be6 8. Qg3 Ng6 9. O-O O-O 10. f4 f5 11. Nb1 Be7 12. c3 Nh8 13. Qh3 g6 14. Nd2 Nf7 15. Nf3 Bf6 16. Be3 Nd6 17. Bf2 Qe7 18. Rfe1 Ne4 19. Bh4 Bxh4 20. Qxh4 Qxh4 21. Nxh4 Nd8 22. Nf3 Nf7 23. Ng3 Rae8 24. Nf1 Nfd6 25. Ne3 c6 26. g3 Rd8 27. Re2 Rfe8 28. Ne5 Kg7 29. Rc1 Nf6 30. Kf1 Nde4 31. Ke1 Rf8 32. Kd1 Bg8 33. Kc2 Be6 34. Rg2 Nd7 35. Nxd7 Rxd7 36. Nf1 Re7 37. Nd2 Rd7 38. Nf3 Rdd8 39. Kd1 Rfe8 40. Ke2 Bf7 41. Ne5 Be6 42. Ke3 Nf6 43. h3 Rd6 44. b3 Kf8 45. Rd1 Kg7 46. a4 Bc8 47. Kd2 Nh5 48. Be2 Nf6 49. Bf3 Rf8 50. g4 fxg4 51. hxg4 Ne8 52. Nd3 Nc7 53. Rh1 Ne6 54. Rgh2 Rh8 55. g5 Rdd8 56. Rh4 Rdf8 57. Ke3 Nc7 58. Ne5 Ne8 59. Be2 Nd6 60. Bd3 Bf5 61. Rg1 Re8 62. Kd2 Re6 63. Bxf5 Nxf5 64. Rh3 Nd6 65. Kd3 Ne4 66. Rf1 Rf8 67. Rhf3 Nd6 68. Rh1 Ne4 69. c4 Nd6 70. c5 Nf5 71. b4 a6 72. Rh2 Ne7 73. Rfh3 Rh8 74. Ng4 Nf5 75. Nh6 Ne7 76. Re3 Rxe3+ 77. Kxe3 Re8 78. Kf3 Ng8 79. Nxg8 Kxg8 80. b5 axb5 81. axb5 Re4 82. bxc6 bxc6 83. Rb2 Re6 84. Rb7 Re4 85. Rc7 Re6 86. Kg4 Kh8 87. Kf3 Kg8 88. f5 gxf5 89. Kf4 Rg6 90. Kxf5 Kh8 91. Re7 Kg8 92. Rd7 Kh8 93. Rd6 Rg8 94. Rxc6 Rf8+ 95. Ke5 Rg8 96. Kxd5 Rxg5+ 97. Ke4 Rg4+ 98. Ke5 h5 99. Rh6+ Kg7 100. Rxh5 Kf7 101. d5 Rg1 102. Rh7+ Ke8 103. c6 Rg5+ 104. Kd6 Rg6+ 105. Kc5 Kd8 106. Rh8+ Kc7 107. d6+ Rxd6 108. Rh7+ 1-0

[Event "GER-ch 78th"]
[Site "Bad Koenigshofen"]
[Date "2007.01.19"]
[Round "1"]
[White "Degtiarev, Evgeny"]
[Black "Hamann, Carsten"]
[Result "1/2-1/2"]
[WhiteElo "2393"]
[BlackElo "2216"]
[EventDate "2007.01.19"]
[PlyCount "80"]

1. d4 d5 2. Nf3 Nc6 3. c4 Bg4 4. Nc3 e6 5. Bg5 f6 6. cxd5 exd5 7. Bf4 Bd6 8. Nxd5 Bxf4 9. Nxf4 Bxf3 10. gxf3 Qxd4 11. Qxd4 Nxd4 12. O-O-O Rd8 13. e3 Nxf3 14. Rxd8+ Kxd8 15. Bg2 Ne5 16. Bxb7 Ke7 17. Rd1 c6 18. Nh5 Nh6 19. h3 g6 20. Ng3 Rb8 21. Ba6 Nhf7 22. f4 Nd7 23. Rd2 Nd6 24. Rc2 Rb6 25. Be2 f5 26. Bf3 c5 27. h4 c4 28. Bd5 Rb4 29. a3 Rb3 30. Nf1 Nb6 31. Bc6 Ne4 32. a4 a5 33. Bxe4 fxe4 34. Nd2 Rxe3 35. Nxc4 Nxc4 36. Rxc4 Kd6 37. Kd2 Rd3+ 38. Kc2 Rh3 39. Rxe4 Rxh4 40. Kc3 g5 1/2-1/2

[Event "GER-ch 78th"]
[Site "Bad Koenigshofen"]
[Date "2007.01.19"]
[Round "1"]
[White "Heinig, Wolfram"]
[Black "Naiditsch, Arkadij"]
[Result "0-1"]
[WhiteElo "2364"]
[BlackElo "2663"]
[EventDate "2007.01.19"]
[PlyCount "66"]

1. d4 Nf6 2. c4 e6 3. g3 c5 4. Nf3 cxd4 5. Nxd4 d5 6. Bg2 e5 7. Nf3 d4 8. O-O Nc6 9. e3 Be7 10. exd4 exd4 11. Bf4 O-O 12. Ne5 Qb6 13. Qb3 Na5 14. Qxb6 axb6 15. Nd2 Nh5 16. Nb3 Nxf4 17. gxf4 Rd8 18. Bd5 Bh3 19. Rfd1 Nxb3 20. axb3 Rxa1 21. Rxa1 Kf8 22. Bxf7 d3 23. Bd5 d2 24. Rd1 Bb4 25. Bxb7 Bf5 26. Kf1 Bc2 27. Ke2 Bxb3 28. Be4 g6 29. f3 Kg7 30. Nd3 Bxc4 31. Rxd2 Bxd2 32. Kxd2 Bxd3 33. Bxd3 Rd4 0-1

[Event "GER-ch 78th"]
[Site "Bad Koenigshofen"]
[Date "2007.01.19"]
[Round "1"]
[White "Henrichs, Thomas"]
[Black "Lorscheid, Gerhard"]
[Result "1-0"]
[WhiteElo "2483"]
[BlackElo "2285"]
[EventDate "2007.01.19"]
[PlyCount "53"]

1. d4 d6 2. c4 g6 3. e4 Bg7 4. Nc3 Nf6 5. f3 O-O 6. Nge2 c5 7. d5 e6 8. Ng3 exd5 9. cxd5 Nbd7 10. Be2 h5 11. Bg5 Qb6 12. Qd2 Nh7 13. Bh4 Ne5 14. f4 Ng4 15. h3 Nh6 16. O-O f5 17. e5 dxe5 18. fxe5 f4 19. Rxf4 Rxf4 20. Qxf4 Qxb2 21. Rc1 g5 22. Bxg5 Nxg5 23. Nxh5 Nh7 24. Nxg7 Kxg7 25. e6 Ng8 26. Qe5+ Ngf6 27. Rf1 1-0

[Event "GER-ch 78th"]
[Site "Bad Koenigshofen"]
[Date "2007.01.19"]
[Round "1"]
[White "Koller, Jens"]
[Black "Enders, Peter"]
[Result "0-1"]
[WhiteElo "2246"]
[BlackElo "2433"]
[EventDate "2007.01.19"]
[PlyCount "56"]

1. e4 c5 2. Nf3 Nc6 3. d4 cxd4 4. Nxd4 Nf6 5. Nc3 d6 6. Be2 e5 7. Nb3 Be7 8. O-O O-O 9. Be3 a5 10. Nd2 Nd4 11. a4 Nxe2+ 12. Qxe2 Be6 13. Rfd1 Qc8 14. Bg5 h6 15. Bxf6 Bxf6 16. Nf1 Ra6 17. Ne3 Bg5 18. Ned5 Rc6 19. Ra3 f5 20. Rb3 fxe4 21. Qxe4 Bf5 22. Qe2 Kh8 23. Rb5 Bd8 24. Ne3 Bb6 25. Rbd5 Bd4 26. Nxf5 Rxf5 27. Ne4 Rxc2 28. Qe1 Qf8 0-1

[Event "GER-ch 78th"]
[Site "Bad Koenigshofen"]
[Date "2007.01.19"]
[Round "1"]
[White "Meister, Jakob [RUS]"]
[Black "Schulze, Ulrich"]
[Result "1-0"]
[WhiteElo "2491"]
[BlackElo "2297"]
[EventDate "2007.01.19"]
[PlyCount "41"]

1. e4 c5 2. Nf3 Nc6 3. d4 cxd4 4. Nxd4 Nf6 5. Nc3 e5 6. Ndb5 d6 7. Bg5 a6 8. Na3 b5 9. Bxf6 gxf6 10. Nd5 Bg7 11. Qd3 O-O 12. c3 f5 13. exf5 e4 14. Qh3 Qg5 15. Nc2 Bxf5 16. Qg3 Qxg3 17. hxg3 Rab8 18. O-O-O Rfd8 19. Ncb4 Nxb4 20. Ne7+ Kf8 21. Nxf5 1-0

[Event "GER-ch 78th"]
[Site "Bad Koenigshofen"]
[Date "2007.01.19"]
[Round "1"]
[White "Namyslo, Holger"]
[Black "Meins, Gerlef"]
[Result "1-0"]
[WhiteElo "2281"]
[BlackElo "2460"]
[EventDate "2007.01.19"]
[PlyCount "135"]

1. e4 c5 2. c3 d5 3. exd5 Qxd5 4. d4 Nf6 5. Nf3 Bg4 6. Be2 cxd4 7. cxd4 e6 8. Nc3 Qa5 9. Qb3 Qb4 10. Bb5+ Nc6 11. Ne5 Rc8 12. O-O Bd6 13. Qxb4 Bxb4 14. d5 exd5 15. Nxg4 Nxg4 16. Nxd5 Bc5 17. Bf4 O-O 18. h3 Rfd8 19. Rad1 Nxf2 20. Rxf2 Nb4 21. Ne3 Rxd1+ 22. Nxd1 Bxf2+ 23. Nxf2 Nxa2 24. Nd3 a6 25. Ba4 Rc4 26. Bb3 Rd4 27. Bxa2 Rxd3 28. Kf2 g6 29. Be5 Kf8 30. Bc3 h5 31. Ke2 Rd7 32. Kf3 Ke7 33. Kf4 f6 34. Bb4+ Ke8 35. Bc3 Ke7 36. Ke4 b6 37. Bd4 Rd6 38. b4 Ke8 39. Bd5 a5 40. b5 Kd7 41. Bf2 a4 42. Bg3 a3 43. Bxd6 Kxd6 44. Kd4 h4 45. Bf7 g5 46. Kc3 Kc5 47. Be8 f5 48. Bd7 g4 49. hxg4 fxg4 50. Bxg4 Kxb5 51. Kb3 Kc5 52. Kxa3 Kc4 53. Be6+ Kc5 54. Kb3 b5 55. Kc3 b4+ 56. Kd3 Kd6 57. Bf5 Ke5 58. Bg4 Kd5 59. Bh3 Kc5 60. Ke4 b3 61. Kf4 b2 62. Bf5 h3 63. gxh3 Kd6 64. Kg5 Ke7 65. Kg6 Kf8 66. Kh7 Kf7 67. h4 Kf6 68. Bb1 1-0

[Event "GER-ch 78th"]
[Site "Bad Koenigshofen"]
[Date "2007.01.19"]
[Round "1"]
[White "Schellmann, Frank"]
[Black "Kachiani Gersinska, Ketino"]
[Result "0-1"]
[WhiteElo "2107"]
[BlackElo "2374"]
[EventDate "2007.01.19"]
[PlyCount "56"]

1. e4 e5 2. Nf3 Nc6 3. d4 exd4 4. Nxd4 Nf6 5. Nxc6 bxc6 6. e5 Qe7 7. Qe2 Nd5 8. c4 Nb6 9. Nd2 Qe6 10. b3 a5 11. a4 Bb4 12. Bb2 O-O 13. O-O-O d5 14. exd6 cxd6 15. Nf3 Qh6+ 16. Kb1 Bf5+ 17. Rd3 d5 18. Nd4 Bxd3+ 19. Qxd3 dxc4 20. Qf3 Rfe8 21. Bxc4 Nxc4 22. bxc4 Bf8 23. Nf5 Qe6 24. Rd1 Rab8 25. Rd4 Qe1+ 26. Rd1 Rxb2+ 27. Kxb2 Qb4+ 28. Kc2 Qxc4+ 0-1

[Event "GER-ch 78th"]
[Site "Bad Koenigshofen"]
[Date "2007.01.19"]
[Round "1"]
[White "Schuster, Martin"]
[Black "Bastian, Herbert"]
[Result "1/2-1/2"]
[WhiteElo "2223"]
[BlackElo "2411"]
[EventDate "2007.01.19"]
[PlyCount "98"]

1. d4 Nf6 2. c4 g6 3. Nc3 Bg7 4. e4 O-O 5. Nf3 d6 6. h3 e5 7. dxe5 dxe5 8. Qxd8 Rxd8 9. Bg5 c6 10. Nxe5 Na6 11. Nd3 Re8 12. f3 Nh5 13. Kf2 f5 14. g4 Nf6 15. gxf5 gxf5 16. e5 Nd7 17. f4 Nf8 18. Rg1 Kf7 19. Be2 Ng6 20. Bh5 Nc7 21. Rg3 Ne6 22. Rag1 Rg8 23. b3 Nxg5 24. Rxg5 Bf8 25. Rd1 Be6 26. Rg2 Be7 27. Kf3 Rad8 28. Rgd2 Rb8 29. Ne2 b5 30. Nd4 bxc4 31. Nxe6 Kxe6 32. Bxg6 Rxg6 33. bxc4 Rbg8 34. Rh2 Rg3+ 35. Ke2 Rg2+ 36. Rxg2 Rxg2+ 37. Nf2 Bc5 38. Rf1 Rh2 39. Kf3 Bxf2 40. Rxf2 Rxh3+ 41. Kg2 Rd3 42. Rf3 Rd4 43. Kg3 h5 44. Kh4 Rxc4 45. Kg5 Rc2 46. Rd3 Rg2+ 47. Kxh5 Rh2+ 48. Kg5 Rg2+ 49. Kh5 Rh2+ 1/2-1/2

[Event "GER-ch 78th"]
[Site "Bad Koenigshofen"]
[Date "2007.01.19"]
[Round "1"]
[White "Seuffert, Gabriel"]
[Black "Gustafsson, Jan"]
[Result "0-1"]
[WhiteElo "2339"]
[BlackElo "2584"]
[EventDate "2007.01.19"]
[PlyCount "138"]

1. c4 Nf6 2. g3 c6 3. Nf3 d5 4. Bg2 dxc4 5. Qc2 b5 6. a4 Bb7 7. b3 cxb3 8. Qxb3 a6 9. Ba3 Nbd7 10. d4 e6 11. Bxf8 Kxf8 12. O-O g6 13. Nbd2 Kg7 14. e4 c5 15. e5 Ne4 16. Nxe4 Bxe4 17. axb5 axb5 18. dxc5 Bxf3 19. Bxf3 Rxa1 20. Rxa1 Nxe5 21. Bg2 Qd4 22. Rc1 Nd3 23. Qc3 e5 24. Rc2 Rc8 25. c6 Nb4 26. Rc1 Qxc3 27. Rxc3 f5 28. Rb3 Nxc6 29. Bxc6 Rxc6 30. Rxb5 e4 31. h4 Rc2 32. h5 Kh6 33. hxg6 hxg6 34. Rb3 Kg5 35. Kg2 Kg4 36. Re3 Ra2 37. Re1 Ra3 38. Re2 Rf3 39. Re1 Rb3 40. Re2 Kg5 41. Kh3 Ra3 42. Kg2 Kh5 43. Kh3 Rd3 44. Kg2 Rd4 45. Kh3 Kg5 46. Kg2 Kg4 47. Re1 Rd2 48. Re3 Kg5 49. Re1 Rd6 50. Re2 Kg4 51. Ra2 Rb6 52. Re2 g5 53. Re3 Rb2 54. Re1 Rc2 55. Re3 Rd2 56. Re1 Rd4 57. Re2 Kh5 58. Ra2 Rd5 59. Re2 Re5 60. Re1 Kg6 61. Kh3 Re7 62. Re2 Kf6 63. Kg2 f4 64. gxf4 gxf4 65. Ra2 Rg7+ 66. Kh3 Ke5 67. Ra5+ Kd4 68. Ra3 e3 69. Ra4+ Kd3 0-1

[Event "GER-ch 78th"]
[Site "Bad Koenigshofen"]
[Date "2007.01.19"]
[Round "1"]
[White "Suren, Peter"]
[Black "Tereick, Benjamin"]
[Result "1/2-1/2"]
[WhiteElo "2211"]
[BlackElo "2382"]
[EventDate "2007.01.19"]
[PlyCount "128"]

1. b3 e5 2. Bb2 Nc6 3. e4 Nf6 4. Nc3 Bc5 5. Bd3 O-O 6. Qe2 Nd4 7. Qf1 Qe7 8. f4 d5 9. O-O-O dxe4 10. Nxe4 Nxe4 11. Bxe4 exf4 12. Qxf4 Ne6 13. Qe5 Bd6 14. Qc3 Ba3 15. Ne2 a5 16. Bxa3 Qxa3+ 17. Qb2 Qd6 18. Ng3 g6 19. Rhf1 a4 20. Rf3 axb3 21. axb3 Qd4 22. c3 Qb6 23. Rf6 Qa5 24. Rdf1 Nc5 25. Bc2 Be6 26. d4 Nd7 27. R6f4 c5 28. dxc5 Nxc5 29. b4 Qa1+ 30. Qxa1 Rxa1+ 31. Kd2 Rd8+ 32. Rd4 Rxd4+ 33. cxd4 Rxf1 34. Nxf1 Na6 35. Be4 b6 36. Kc3 Nc7 37. Ne3 f5 38. Bf3 g5 39. d5 g4 40. dxe6 gxf3 41. gxf3 f4 42. Nc4 Nxe6 43. Nxb6 Ng5 44. Nd5 Kf7 45. b5 Nxf3 46. Nxf4 Ke7 47. h3 Kd6 48. Kb4 Nd4 49. b6 Kc6 50. Ka5 Kb7 51. Nd5 Nf5 52. Nf6 Nd6 53. Nxh7 Nc4+ 54. Kb5 Nxb6 55. Kc5 Kc7 56. h4 Na4+ 57. Kd5 Kd7 58. Ke5 Ke7 59. Ng5 Nc5 60. Kf5 Nd7 61. h5 Kf8 62. h6 Kg8 63. Nf3 Kh7 64. Kg5 Nc5 1/2-1/2

[Event "GER-ch 78th"]
[Site "Bad Koenigshofen"]
[Date "2007.01.19"]
[Round "1"]
[White "Von Herman, Ulf"]
[Black "Fischer, Thomas2"]
[Result "1-0"]
[WhiteElo "2364"]
[BlackElo "2045"]
[EventDate "2007.01.19"]
[PlyCount "59"]

1. d4 d5 2. c4 e6 3. Nc3 Nf6 4. cxd5 exd5 5. Bg5 Nbd7 6. e3 c6 7. Bd3 Be7 8. Qc2 O-O 9. Nge2 Re8 10. O-O Nf8 11. f3 b6 12. Rad1 Bb7 13. Kh1 N6d7 14. Bxe7 Qxe7 15. e4 dxe4 16. fxe4 c5 17. Bc4 Ne6 18. d5 Ng5 19. Ng3 h6 20. d6 Qf8 21. Nb5 Re5 22. Nc7 Rd8 23. h4 Nxe4 24. Rxf7 Nxg3+ 25. Kh2 Qxf7 26. Bxf7+ Kxf7 27. Qb3+ Kf6 28. Qxg3 Rf5 29. Qb3 Nf8 30. Re1 1-0

[Event "GER-ch 78th"]
[Site "Bad Koenigshofen"]
[Date "2007.01.19"]
[Round "1"]
[White "Wichmann, Cliff"]
[Black "Tabatt, Hendrik"]
[Result "1-0"]
[WhiteElo "2419"]
[BlackElo "2228"]
[EventDate "2007.01.19"]
[PlyCount "55"]

1. d4 d5 2. c4 e6 3. Nf3 c5 4. cxd5 exd5 5. g3 Nc6 6. Bg2 Nf6 7. O-O Be7 8. Nc3 O-O 9. Bg5 cxd4 10. Nxd4 h6 11. Be3 Ne5 12. Qb3 Nc4 13. Bc1 Na5 14. Qc2 Qb6 15. Rd1 Be6 16. Na4 Qa6 17. Nc5 Qb6 18. b4 Nc6 19. Ncxe6 fxe6 20. Nxe6 Nxb4 21. Qf5 Ne4 22. Qg4 Bf6 23. Be3 Nxf2 24. Bxb6 Nxg4 25. Bc5 Bxa1 26. Nxf8 Bc3 27. a3 Rc8 28. axb4 1-0

[Event "GER-ch 78th"]
[Site "Bad Koenigshofen"]
[Date "2007.01.20"]
[Round "2"]
[White "Bastian, Herbert"]
[Black "Namyslo, Holger"]
[Result "0-1"]
[WhiteElo "2411"]
[BlackElo "2281"]
[EventDate "2007.01.19"]
[PlyCount "146"]

1. e4 e6 2. d4 d5 3. e5 c5 4. c3 Qb6 5. Nf3 Bd7 6. Be2 Bb5 7. O-O Bxe2 8. Qxe2 Nc6 9. dxc5 Bxc5 10. Nbd2 Qc7 11. Nb3 Bb6 12. Bf4 Nge7 13. Rad1 O-O 14. Rfe1 a5 15. a4 Rac8 16. Rd3 Ng6 17. Bg3 Qd7 18. Qd1 Nb8 19. Nbd4 Na6 20. Nb5 Qe7 21. Nd6 Rcd8 22. Rd2 Bc5 23. Nb5 Nc7 24. Nbd4 Qe8 25. h4 Ne7 26. Qc2 h6 27. Bf4 b5 28. Ra1 Ra8 29. Be3 Bxd4 30. Nxd4 bxa4 31. Rxa4 f5 32. Nf3 Qb5 33. Rd1 Rfb8 34. Rda1 Qxb2 35. Qxb2 Rxb2 36. Rxa5 Rxa5 37. Rxa5 Nb5 38. Bc5 Ng6 39. Ra8+ Kh7 40. Bd4 Nf4 41. Ra6 Rc2 42. Kh2 Nxd4 43. cxd4 Rxf2 44. Kg3 Nd3 45. h5 Re2 46. Rb6 Re4 47. Rxe6 Rg4+ 48. Kh2 Nf4 49. Rd6 Rxg2+ 50. Kh1 Rg3 51. Ne1 Re3 52. Nc2 Re4 53. Kg1 Ne2+ 54. Kf2 Nf4 55. Kf3 Nxh5 56. Rxd5 Nf4 57. Rd7 Ne6 58. Rd6 Ng5+ 59. Kf2 h5 60. Ne3 h4 61. Nf1 h3 62. Rd5 Rf4+ 63. Kg1 Nf3+ 64. Kf2 Nd2+ 65. Kg3 Rxf1 66. Kxh3 Rf3+ 67. Kg2 Re3 68. Kf2 Re4 69. Rd6 Nb3 70. e6 Nxd4 71. e7 Nb5 72. Rd5 Nc7 73. Rxf5 Rxe7 0-1

[Event "GER-ch 78th"]
[Site "Bad Koenigshofen"]
[Date "2007.01.20"]
[Round "2"]
[White "Beikert, Guenther"]
[Black "Graf, Alexander"]
[Result "0-1"]
[WhiteElo "2434"]
[BlackElo "2610"]
[EventDate "2007.01.19"]
[PlyCount "114"]

1. e4 c5 2. Nf3 d6 3. c3 Nf6 4. Be2 e6 5. O-O Nc6 6. d3 c4 7. d4 Nxe4 8. Bxc4 Nf6 9. d5 exd5 10. Bxd5 Be7 11. Bg5 Nxd5 12. Qxd5 Be6 13. Bxe7 Bxd5 14. Bxd8 Kxd8 15. Nbd2 Re8 16. Rfe1 Kd7 17. Kf1 a5 18. c4 Be6 19. Re3 h6 20. Rc1 a4 21. a3 Ra6 22. b4 axb3 23. Rxb3 Kc7 24. Re3 Rea8 25. Rcc3 Ra4 26. Ke2 R8a5 27. h3 Rc5 28. Kd3 d5 29. cxd5 Rxc3+ 30. Kxc3 Rxa3+ 31. Kc4 Ra4+ 32. Kb3 Rb4+ 33. Kc3 Bxd5 34. Ne5 Ra4 35. Nxc6 Kxc6 36. g3 Ra3+ 37. Kb4 Rxe3 38. fxe3 Be6 39. h4 Kd5 40. Kc3 Ke5 41. e4 f5 42. exf5 Kxf5 43. Kd4 Kg4 44. Ne4 b5 45. Kc5 Bf5 46. Nd6 Bd7 47. Ne4 Kf3 48. Kd4 Bc6 49. Nd6 Kxg3 50. Nf5+ Kg4 51. Nxg7 Bd7 52. Kc5 Kxh4 53. Kd6 b4 54. Kxd7 b3 55. Nf5+ Kh3 56. Nxh6 b2 57. Nf5 b1=Q 0-1

[Event "GER-ch 78th"]
[Site "Bad Koenigshofen"]
[Date "2007.01.20"]
[Round "2"]
[White "Buhmann, Rainer"]
[Black "Von Herman, Ulf"]
[Result "1-0"]
[WhiteElo "2547"]
[BlackElo "2364"]
[EventDate "2007.01.19"]
[PlyCount "63"]

1. Nf3 d5 2. d4 Nf6 3. c4 c6 4. Nc3 a6 5. a4 e6 6. g3 Be7 7. Bg2 O-O 8. O-O a5 9. Qb3 Na6 10. Bf4 Nb4 11. Rfd1 b6 12. Ne5 Ba6 13. e4 Rc8 14. Rac1 h6 15. exd5 cxd5 16. cxd5 Nfxd5 17. Nxd5 exd5 18. Bd2 Bb7 19. Rxc8 Qxc8 20. Bxb4 Bxb4 21. Bxd5 Bxd5 22. Qxd5 Qc2 23. Rd3 Qxa4 24. Rf3 Qe8 25. Nd7 Qd8 26. Qf5 g6 27. Nf6+ Kh8 28. Qf4 Kg7 29. Qe5 Kh8 30. Nd7+ f6 31. Qe6 Re8 32. Qc6 1-0

[Event "GER-ch 78th"]
[Site "Bad Koenigshofen"]
[Date "2007.01.20"]
[Round "2"]
[White "Enders, Peter"]
[Black "Luther, Thomas"]
[Result "0-1"]
[WhiteElo "2433"]
[BlackElo "2580"]
[EventDate "2007.01.19"]
[PlyCount "52"]

1. e4 e6 2. d4 d5 3. Nc3 Nf6 4. e5 Nfd7 5. f4 c5 6. Nf3 Nc6 7. Be3 cxd4 8. Nxd4 Bc5 9. Qd2 O-O 10. O-O-O a6 11. g3 Nxd4 12. Bxd4 b5 13. Bg2 Bb7 14. Rhe1 b4 15. Ne2 Qb6 16. Bxc5 Nxc5 17. Nd4 Rac8 18. Kb1 Ne4 19. Bxe4 dxe4 20. f5 Kh8 21. f6 Rg8 22. Qg5 Qc5 23. Rf1 gxf6 24. Qxf6+ Rg7 25. Ka1 Bd5 26. Rf5 Qc4 0-1

[Event "GER-ch 78th"]
[Site "Bad Koenigshofen"]
[Date "2007.01.20"]
[Round "2"]
[White "Fischer, Thomas2"]
[Black "Knuth, Hannes"]
[Result "0-1"]
[WhiteElo "2045"]
[BlackElo "2301"]
[EventDate "2007.01.19"]
[PlyCount "114"]

1. d4 Nf6 2. Bf4 d6 3. e3 Nbd7 4. Nf3 Nh5 5. Bg5 h6 6. Bh4 g5 7. Nfd2 Ndf6 8. Be2 Ng7 9. Bg3 Nf5 10. Nc3 h5 11. h3 Nxg3 12. fxg3 d5 13. Nf3 Qd6 14. Ne5 c6 15. O-O Be6 16. Qd3 Bg7 17. e4 dxe4 18. Nxe4 Nxe4 19. Qxe4 O-O-O 20. c3 Bxe5 21. dxe5 Qc5+ 22. Kh2 Rd5 23. Bc4 Rxe5 24. Bxe6+ Rxe6 25. Qc2 f6 26. Rad1 h4 27. g4 Rd8 28. Rxd8+ Kxd8 29. Rd1+ Kc7 30. Kh1 Qe3 31. Qa4 Re5 32. Qc2 Qe2 33. Qd2 Qxd2 34. Rxd2 Rd5 35. Re2 Rd1+ 36. Kh2 Kd6 37. g3 hxg3+ 38. Kxg3 Rd3+ 39. Kg2 e6 40. Rf2 Ke7 41. Re2 Kf7 42. Rf2 Re3 43. Rd2 Kg6 44. c4 f5 45. gxf5+ exf5 46. b3 Kf6 47. Rd7 Re7 48. Rd2 f4 49. Kf2 Kf5 50. Kg2 b6 51. Kf2 Re3 52. Kg2 Ke4 53. Rd6 Re2+ 54. Kf1 Rxa2 55. Rxc6 Kf3 56. Ke1 Kg2 57. Rg6 Ra5 0-1

[Event "GER-ch 78th"]
[Site "Bad Koenigshofen"]
[Date "2007.01.20"]
[Round "2"]
[White "Gustafsson, Jan"]
[Black "Wichmann, Cliff"]
[Result "1-0"]
[WhiteElo "2584"]
[BlackElo "2419"]
[EventDate "2007.01.19"]
[PlyCount "75"]

1. c4 e6 2. Nc3 d5 3. d4 Nf6 4. cxd5 Nxd5 5. Nf3 c5 6. g3 cxd4 7. Nxd5 Qxd5 8. Qxd4 Qxd4 9. Nxd4 Bb4+ 10. Bd2 Bxd2+ 11. Kxd2 O-O 12. Bg2 a6 13. Rhc1 Nd7 14. Nb3 Nf6 15. Ke1 Rb8 16. Rc7 Rd8 17. Na5 Ne8 18. Rc3 Kf8 19. Rb3 Rd7 20. Rc1 f6 21. Rcc3 Nd6 22. Rb6 Ra8 23. Bh3 Ke7 24. Re3 Rc7 25. Rd3 Ne4 26. Nb3 f5 27. Bg2 Nf6 28. Na5 Nd7 29. Rb4 Rb8 30. Rdb3 Kf6 31. f4 Rc1+ 32. Kd2 Rg1 33. Bf3 b5 34. Rc3 Nb6 35. Nc6 Rb7 36. Ne5 Re7 37. Rc6 Nc4+ 38. Rbxc4 1-0

[Event "GER-ch 78th"]
[Site "Bad Koenigshofen"]
[Date "2007.01.20"]
[Round "2"]
[White "Hamann, Carsten"]
[Black "Schuster, Martin"]
[Result "0-1"]
[WhiteElo "2216"]
[BlackElo "2223"]
[EventDate "2007.01.19"]
[PlyCount "110"]

1. e4 c6 2. d4 d5 3. Nc3 dxe4 4. Nxe4 Bf5 5. Ng3 Bg6 6. Bc4 e6 7. N1e2 Nf6 8. O-O Bd6 9. f4 Qc7 10. f5 exf5 11. Nxf5 Bxf5 12. Rxf5 Nbd7 13. Ng3 O-O-O 14. Qf3 Rhf8 15. Bg5 h6 16. Bf4 Nb6 17. Bb3 Bxf4 18. Rxf4 Nbd5 19. Rf5 Ne7 20. Re5 Ng6 21. Re2 Rxd4 22. Nf5 Nh4 23. Nxh4 Rxh4 24. g3 Rd4 25. Rae1 Rd7 26. Qf5 Kb8 27. Qc5 Qb6 28. Qxb6 axb6 29. Re7 Kc8 30. R7e3 Kd8 31. Bc4 Re8 32. Bd3 Rxe3 33. Rxe3 b5 34. h3 Nd5 35. Re4 Kc7 36. Kf2 Kd6 37. c4 bxc4 38. Bxc4 b5 39. Be2 f5 40. Re8 Nf6 41. Ra8 Ne4+ 42. Kg2 Kc5 43. g4 Rd2 44. Kf3 fxg4+ 45. hxg4 Ng5+ 46. Ke3 Rxb2 47. Ra6 Rb4 48. Ra3 Re4+ 49. Kd3 Rd4+ 50. Ke3 Rd7 51. Rc3+ Kb6 52. a3 Re7+ 53. Kd3 Ne4 54. Rc2 Nc5+ 55. Kd2 Ra7 0-1

[Event "GER-ch 78th"]
[Site "Bad Koenigshofen"]
[Date "2007.01.20"]
[Round "2"]
[White "Kachiani Gersinska, Ketino"]
[Black "Baramidze, David"]
[Result "1/2-1/2"]
[WhiteElo "2374"]
[BlackElo "2551"]
[EventDate "2007.01.19"]
[PlyCount "52"]

1. d4 Nf6 2. c4 g6 3. Nc3 d5 4. Nf3 Bg7 5. cxd5 Nxd5 6. e4 Nxc3 7. bxc3 c5 8. Be3 Qa5 9. Qd2 O-O 10. Rc1 Nd7 11. d5 Nf6 12. c4 Qc7 13. Bd3 e5 14. Bh6 Bxh6 15. Qxh6 Ng4 16. Qd2 f5 17. O-O Nf6 18. Qc2 f4 19. Qb2 Re8 20. Rb1 Rb8 21. Bc2 Bd7 22. Rfe1 h6 23. Qa3 a6 24. Red1 Qd6 25. Qa5 b5 26. Nd2 Rec8 1/2-1/2

[Event "GER-ch 78th"]
[Site "Bad Koenigshofen"]
[Date "2007.01.20"]
[Round "2"]
[White "Lorscheid, Gerhard"]
[Black "Becker, Marcel"]
[Result "1/2-1/2"]
[WhiteElo "2285"]
[BlackElo "2381"]
[EventDate "2007.01.19"]
[PlyCount "37"]

1. d4 d5 2. c4 c6 3. Nc3 Nf6 4. e3 Bf5 5. cxd5 cxd5 6. Qb3 Bc8 7. Nf3 e6 8. Ne5 Nc6 9. Bb5 Bd7 10. Bxc6 bxc6 11. O-O Bd6 12. h3 O-O 13. Na4 Qc7 14. Nd3 Ne4 15. Qc2 Rfc8 16. Bd2 c5 17. Naxc5 Nxc5 18. dxc5 Bxc5 19. Nxc5 1/2-1/2

[Event "GER-ch 78th"]
[Site "Bad Koenigshofen"]
[Date "2007.01.20"]
[Round "2"]
[White "Meins, Gerlef"]
[Black "Schulze, Ulrich"]
[Result "1/2-1/2"]
[WhiteElo "2460"]
[BlackElo "2297"]
[EventDate "2007.01.19"]
[PlyCount "36"]

1. d4 Nf6 2. c4 g6 3. Nc3 d5 4. Nf3 Bg7 5. Bg5 Ne4 6. Bh4 Nxc3 7. bxc3 dxc4 8. Qa4+ Qd7 9. Qxc4 b6 10. e3 Ba6 11. Qb3 Bxf1 12. Kxf1 Nc6 13. Ke2 O-O 14. Rhd1 Na5 15. Qc2 c5 16. Rac1 e6 17. Bg3 cxd4 18. cxd4 Rac8 1/2-1/2